| 000 | 01028nac a22002771u 4500 | ||
|---|---|---|---|
| 003 | EG-ScBUE | ||
| 005 | 20221115045149.0 | ||
| 008 | 221115t1989 nyua f b 001 0 eng d | ||
| 020 | _a0442205740 | ||
| 020 | _a9780442205744 | ||
| 035 | _a(DLC) 88023612 | ||
| 040 |
_aEG-ScBUE _beng _erda _cEG-ScBUE _dEG-ScBUE |
||
| 082 | 0 | 4 |
_a722.88 _bSIM _222 |
| 100 | 1 |
_aSimmons, H. Leslie, _eauthor. |
|
| 245 | 1 | 4 |
_aThe architect's remodeling, renovation & restoration handbook / _cH. Leslie Simmons. |
| 246 | 3 | _aArchitect's remodeling, renovation and restoration handbook | |
| 264 | 1 |
_aNew York : _bVan Nostrand Reinhold, _c[1989] |
|
| 264 | 4 | _cc1989 | |
| 300 |
_axii, 348 pages : _billustrations ; _c28 cm |
||
| 504 | _aIncludes bibliographical references and index. | ||
| 650 | 7 |
_aArchitecture _xConservation and restoration _zUnited States _vHandbooks, manuals, etc. _2BUEsh |
|
| 653 | _bENGARC | ||
| 655 | _vReading book | ||
| 740 | 0 | _aArchitect's remodeling, renovation, and restoration handbook. | |
| 942 |
_cBB _2ddc |
||
| 999 |
_c6393 _d6393 |
||